000 00514nam a2200217Ia 4500
003 OSt
005 20220924132946.0
006 a|||||r|||| 00| 0
007 ta
008 220923b |||||||| |||| 00| 0 ara d
024 _a254616
037 _cTextual
040 _aARTS
_cARTS
_bara
041 _2ara
_aara
082 _aQ7vD, 28K8
100 _aIbn Sad
_9205377
245 0 _aAl tabkat al kubra
260 _c1968
942 _hQ7vD, 28K8
_cTEXL
_2CC
999 _c432158
_d432158